000 01301nam0a2200265 4500
001 RU\NLR\BIBL_A\022435246
005 20250806203202.0
035 _a(NLR Aleph) 022435246
090 _a73422
_c73422
100 _a20250124d1943 m y0rusy50 ca
101 0 _akaz
102 _aKZ
105 _ay z 000 y
181 0 _ai
_baxxe
182 0 _an
200 1 _aАуыл шаруашылық салығы туралы заңды қолдану жөнінде ССРС Финанс халық комиссариатының 1943 жылғы 10 июньдағы №346 нӯсқауы
_fССР Союзының Финанс Халық Комиссариаты
_g[отв. по вып. А. Айманов]
203 _aТекст
_bвизуальный
_cнепосредственный
210 _aАлматы
_cҚазақ ССР Финанс Халық Комиссариаты
_d1943
215 _a34,[1] с.
_cтабл.
_d19
541 1 _aИнструкция Народного Комиссариата Финансов СССР от 10 июня 1943 года № 346 о сельскохозяйственном налоге.
_zrus
702 1 _aАйманов
_bА.
_4540
942 _cBOOK
945 _aРоссийская национальная библиотека
980 _aBV